000 00466nam a2200133 i 4500
001 183737
003 ES-MaACL
005 20230906221948.0
008 141007s1869 sp |||| | spa d
245 0 0 _aPetición dirigida a las Cortes Constituyentes en favor de la unidad católica en España.
260 _aMadrid :
_b[s.n.],
_c1869 (
_fImp. de "La Esperanza" á cargo de D.A.G. Dubrull)
300 _a17, 289-363 p., 2 h. ;
_c21 cm.
852 _aES-MaACL
_jT-188-F-2
999 _c183737
_d183737